01213nam a2200277Ia 450000500170000000800410001702000180005810000290007624501830010525000360028830000480032453400430037260000760041565000480049165000480053965000480058770000370063570000570067270000380072926400330076733600270080033700330082733800280086004000350088808400120092320220317001528.0161108s2014 ck a g 000 j s  a97895830441751 aMongin, Jean Pauld1979-13aEl genio travieso de Descartesb(según las Meditaciones metafísicas)ccontado por Jean-Paul Mongin ; ilustrado por Fran{dot}ois Schwoebel ; traducción María Pilar Queralt a1a. edición, 1a reimpresión a63 páginasbilustraciones en colorc21 cm tLe malin génie de monsieur Descartes14aDescartes, Rened1596-1650vCuentos juvenilesxPensamiento filosófico142LEMBaCuentos juveniles francesesySiglo XX142LEMBaLiteratura juvenil francesaySiglo XX142LEMBaFilosofía francesa en la literatura1 aSchwoebel, Francoiseeilustrador1 aQueralt del Hierro, María Pilard1951-etraductora1 aCardozo Tovar, César A.eeditor aBogotábPanamericanac2014 atextobtxt2rdacontent asin mediaciónbn2rdamedia avolumenbnc2rdacarrier aCO-BoRNBPbspaerdacCO-BoRNBP aC MON26